| 000 | 01253nam0a22002891 4500 | ||
|---|---|---|---|
| 001 | rc\2987591 | ||
| 005 | 20250530003635.0 | ||
| 035 | _a(NLR Aleph) 007131941 | ||
| 090 |
_a6968369 _c6968369 |
||
| 100 | _a20110913d1937 |||y0rusy50 ca | ||
| 101 | 1 |
_arus _cfre |
|
| 102 | _aRU | ||
| 105 | _aa z ||||| | ||
| 200 | 1 |
_aКрэнкбиль _eДля старш. возраста _fАнатоль Франс _gПер. с франц. Н. Соболевского _gРис. Стенлен |
|
| 210 |
_aМосква _aЛенинград _cДетиздат _d1937 _eМосква _gф-ка детской книги Изд-ва детской лит-ры ЦК ВЛКСМ |
||
| 215 |
_aОбл., 48 с. _cил. _d20х14 см |
||
| 225 | 1 | _aРассказы иностранных писателей | |
| 327 | 0 | _aВступ. статья: "Анатоль Франс". А. Роскин | |
| 464 | 0 |
_12001#$aАнатоль Франс _1700#1$aРоскин$bА.$4070 _tАнатоль Франс _aРоскин, А. |
|
| 700 | 1 |
_aФранс _bА. _f1844-1924 _gАнатоль |
|
| 702 | 1 |
_aСоболевский _bН. _4730 |
|
| 702 | 1 |
_aСтенлен _4440 |
|
| 801 | 0 |
_aRU _bNLR _gpsbo |
|
| 801 | 1 |
_aRU _bELAR _2rusmarc |
|
| 852 |
_aNLR _j37-10/2934 |
||
| 942 | _cBOOK | ||
| 980 | _aNB | ||